=LDR 00000nam 2200000 4500 =001 INLIS000000000022016 =005 20130612120821 =008 ***********************************Ind** =035 ##$$0010-061300000022016 =041 ##$$a Ind =082 ##$$a 616.07 =090 ##$$a 616.07, Und-p =100 ##$$a UNDERWOOD, J.C.E =245 ##$$a Patologi , Umum dan sistematik(General and Systematic Pathology), J.C.E. Undrwood =260 ##$$a 1999 $b Jakarta =300 ##$$a 144 hlm, ilus., 28 cm =650 ##$$a Patolgi-kesehatan =850 ##$$a NBPNMAT =990 ##$$a 0001/BPAP-NTB/2016